Cours d'histoire des états européens : (Record no. 164954)

MARC details
000 -LEADER
campo de control de longitud fija 01017nam a2200241 i 4500
001 - NÚMERO DE CONTROL
campo de control 164954
003 - IDENTIFICADOR DE NÚMERO DE CONTROL
campo de control ES-MaACL
005 - FECHA Y HORA DE LA ÚLTIMA TRANSACCIÓN
campo de control 20250628063340.0
008 - DATOS DE LONGITUD FIJA--INFORMACIÓN GENERAL
campo de control de longitud fija 980722m18301834fr |||| | fre d
040 ## - FUENTE DE CATALOGACIÓN
Centro catalogador/agencia de origen CCPB | B
Lengua de catalogación spa
Centro/agencia transcriptor CCPB | B
100 1# - ENTRADA PRINCIPAL--NOMBRE DE PERSONA
Nombre de persona Schoell, Friedrich,
Fechas asociadas al nombre 1766-1833
9 (RLIN) 132565
Término indicativo de función/relación Autor
245 10 - MENCIÓN DEL TÍTULO
Título Cours d'histoire des états européens :
Resto del título depuis le bouleversement de l'Empire romain d'occident jusqu'en 1789 /
Mención de responsabilidad, etc. par Max. Samson-Fréd. Schoell.
260 ## - PUBLICACIÓN, DISTRIBUCIÓN, ETC.
Lugar de publicación, distribución, etc. A Paris :
Nombre del editor, distribuidor, etc. Librairie de Gide Fils,
Fecha de publicación, distribución, etc. 1830-1834.
300 ## - DESCRIPCIÓN FÍSICA
Extensión 30 v. ;
Dimensiones 21 cm.
500 ## - NOTA GENERAL
Nota general Donativo Ángel Calderón de la Barca
597 ## - NOTA DE DESCRIPCIÓN FÍSICA
NOTA DE DESCRIPCIÓN FÍSICA 46 t. en 30 v. - El t. XLVI tiene 2 v. <br/>
651 ## - PUNTO DE ACCESO ADICIONAL DE MATERIA--NOMBRE GEOGRÁFICO
Nombre geográfico Europa-
Subdivisión general Historia.
9 (RLIN) 8599
852 ## - LOCALIZACIÓN
Ubicación ES-MaACL
Ubicación en estantería Mesetón
Donativo/Legado Donat. Ángel Calderón de la Barca (Actas del Ateneo, junta 9 de abril de 1844)
Número de control de estantería C-17904-33
Encuadernación Pasta española
-- En. 46 t. en 30 v. - El t. XLVI tiene 2 v.
942 ## - ELEMENTOS DE ENTRADA SECUNDARIOS (KOHA)
Fuente del sistema de clasificación o colocación Clasificación decimal universal
Tipo de ítem Koha Libro impreso antiguo
Suprimir en OPAC No
Holdings
Estatus retirado Estado de pérdida Estado de daño No para préstamo Colección Biblioteca de origen Biblioteca actual Ubicación en estantería Fecha de adquisición Total de préstamos Signatura topográfica completa Código de barras Visto por última vez Precio de reemplazo Tipo de ítem Koha
        Libros del s. XIX Biblioteca del Ateneo de Madrid Biblioteca del Ateneo de Madrid Mesetón 17/01/2008   C-17904-33 1172920 23/02/2023 23/02/2023 Libro impreso antiguo